LITURGIA. APRILE 1994. N. 100. CAL. NUOVA SERIE. (Record n. 333885)
[ formato base ]
| 000 -LEADER | |
|---|---|
| fixed length control field | 01891nas a2200277Ia 4500 |
| 001 - CONTROL NUMBER | |
| control field | R052-S5714 |
| 003 - CONTROL NUMBER IDENTIFIER | |
| control field | IT-CnALBA |
| 008 - FIXED-LENGTH DATA ELEMENTS--GENERAL INFORMATION | |
| fixed length control field | 170116c99999999xx |||||||||||| ||und|| |
| 040 ## - CATALOGING SOURCE | |
| Original cataloging agency | IT-CnALBA |
| Transcribing agency | IT-CnALBA |
| 041 ## - LANGUAGE CODE | |
| Language code of text/sound track or separate title | ITALIANO |
| 999 ## - SYSTEM CONTROL NUMBERS (KOHA) | |
| Koha Dewey Subclass [OBSOLETE] | NO |
| 100 ## - MAIN ENTRY--PERSONAL NAME | |
| Personal name | DI STEFANO ALFREDO |
| 210 ## - ABBREVIATED TITLE | |
| Abbreviated title | LITURGIA |
| 222 ## - KEY TITLE | |
| Key title | LITURGIA |
| 245 #0 - TITLE STATEMENT | |
| Title | LITURGIA. APRILE 1994. N. 100. CAL. NUOVA SERIE. |
| 250 ## - EDITION STATEMENT | |
| Edition statement | 1a ed. |
| 260 ## - PUBLICATION, DISTRIBUTION, ETC. (IMPRINT) | |
| Place of publication, distribution, etc. | ROMA |
| Name of publisher, distributor, etc. | CAL, CENTRO AZIONE LITURGICA |
| Date of publication, distribution, etc. | 1994 [1° Ed.:1994 - Ed.Ling.Originale: 1994] |
| 300 ## - PHYSICAL DESCRIPTION | |
| Extent | 64 p. |
| 310 ## - CURRENT PUBLICATION FREQUENCY | |
| Current publication frequency | MENSILE |
| 362 ## - DATES OF PUBLICATION AND/OR SEQUENTIAL DESIGNATION | |
| Dates of publication and/or sequential designation | Fascicolo: 4 / Anno: 28 (1994) |
| 500 ## - GENERAL NOTE | |
| General note | EDITORIALE PASQUA. XLV SETTIMANA LITURGICA NAZIONALE. TRIDUO PASQUALE. GIGLIONI P. TEMPO DI PASQUA, CATARCIO E. LA CINQUANTINA PASQUALE IN FAMIGLIA. PENNACCHIO G. RIVISITAZIONE COSTITUZIONE LITURGICA VATICANO II. BERGAMINI A. PREGHIERE NELLA CHIESA D'OGGI. PATERNOSTER M. CELEBRAZIONE EUCARISTICA PER LA FAMIGLIA. CUVA A. SINODO CHIESA DI FIRENZE E LITURGIA. GILARDI L. XXXV CONVEGNO LITURGICO PASTORALE, FRA D. ARAMINI. LA DOMENICA GIORNO DEL SIGNORE E PRINCIPE DEI GIORNI. CELEBRAZIONE NELLA GIOIA DEI GIORNO DEL SIGNORE. RECENSIONI. |
| 501 ## - WITH NOTE | |
| With note | Società San Paolo EM - Piazza San Paolo, 14 - 12051 ALBA (CN) (non commercial uses only) ® Copyright 2017 |
| 520 ## - SUMMARY, ETC. | |
| Summary, etc. | EDITORIALE PASQUA. XLV SETTIMANA LITURGICA NAZIONALE. TRIDUO PASQUALE. GIGLIONI P. TEMPO DI PASQUA, CATARCIO E. LA CINQUANTINA PASQUALE IN FAMIGLIA. PENNACCHIO G. RIVISITAZIONE COSTITUZIONE LITURGICA VATICANO II. BERGAMINI A. PREGHIERE NELLA CHIESA D'OGGI. PATERNOSTER M. CELEBRAZIONE EUCARISTICA PER LA FAMIGLIA. CUVA A. SINODO CHIESA DI FIRENZE E LITURGIA. GILARDI L. XXXV CONVEGNO LITURGICO PASTORALE, FRA D. ARAMINI. LA DOMENICA GIORNO DEL SIGNORE E PRINCIPE DEI GIORNI. CELEBRAZIONE NELLA GIOIA DEI GIORNO DEL SIGNORE. RECENSIONI. |
| 650 ## - SUBJECT ADDED ENTRY--TOPICAL TERM | |
| Topical term or geographic name as entry element | CULTO PUBBLICO LITURGIA |
| 942 ## - ADDED ENTRY ELEMENTS (KOHA) | |
| Koha item type | RIVISTA |
| 957 ## - | |
| -- | 1 |
| 999 ## - SYSTEM CONTROL NUMBERS (KOHA) | |
| -- | 1 |
| Withdrawn status | Lost status | Damaged status | Not for loan | Home library | Current library | Date acquired | Total Checkouts | Full call number | Date last seen | Price effective from | Koha item type | Public note |
|---|---|---|---|---|---|---|---|---|---|---|---|---|
| Buone Condizioni | Not For Loan | ALBA - Biblioteca | ALBA - Biblioteca | 16/01/2017 | R052-S5714 | 16/01/2017 | 16/01/2017 | RIVISTA | (data import: 16 gennaio 2017) - By Epidotti, Vaglietti. |